000 00322nam a22001457a 4500
003 SGT
020 _a978-8120344457
082 _a332
_bGOE
100 _a Goel, Sandeep
245 _aFinancial Services
260 _aNEW DELHI
_bPHI Learning
_c2012
300 _a202
650 _aCOMMERCE MANAGEMENT
942 _2ddc
_cBK
_01
999 _c13846
_d13846